Les barbares et le catholicisme / (Record no. 157257)

MARC details
000 -LEADER
campo de control de longitud fija 01029nam a22002535i 4500
001 - NÚMERO DE CONTROL
campo de control 157257
003 - IDENTIFICADOR DE NÚMERO DE CONTROL
campo de control ES-MaACL
005 - FECHA Y HORA DE LA ÚLTIMA TRANSACCIÓN
campo de control 20250830111239.0
008 - DATOS DE LONGITUD FIJA--INFORMACIÓN GENERAL
campo de control de longitud fija 950206s1864 fr |||| | fre d
040 ## - FUENTE DE CATALOGACIÓN
Centro catalogador/agencia de origen CLM
100 1# - ENTRADA PRINCIPAL--NOMBRE DE PERSONA
Nombre de persona Laurent, François,
Fechas asociadas al nombre 1810-1887
9 (RLIN) 128741
245 14 - MENCIÓN DEL TÍTULO
Título Les barbares et le catholicisme /
Mención de responsabilidad, etc. par F. Laurent.
250 ## - MENCION DE EDICION
Mención de edición 2e ¯ed. corrigée.
260 ## - PUBLICACIÓN, DISTRIBUCIÓN, ETC.
Lugar de publicación, distribución, etc. Paris :
Nombre del editor, distribuidor, etc. Librairie Internationale... :
-- A. Lacroix, Verboeckhoven et Cie. éditeurs...,
Fecha de publicación, distribución, etc. 1864 (
Lugar de fabricación/manufactura Bruxelles :
Fabricante Typ. A. Lacroix, Verboeckhoven et Cie...)
300 ## - DESCRIPCIÓN FÍSICA
Extensión 534 p. ;
Dimensiones 21 cm.
490 1# - MENCIÓN DE SERIE
Mención de serie Etudes sur l'histoire de l'humanite
490 1# - MENCIÓN DE SERIE
Mención de serie Histoire du droit des gens et des relations internationales ;
Designación de volumen o secuencia 5
610 24 - PUNTO DE ACCESO ADICIONAL DE MATERIA--NOMBRE DE ENTIDAD CORPORATIVA
Nombre de entidad corporativa o nombre de jurisdicción como elemento de entrada Iglesia Católica
9 (RLIN) 4639
650 #7 - PUNTO DE ACCESO ADICIONAL DE MATERIA--TÉRMINO DE MATERIA
Término de materia o nombre geográfico como elemento de entrada Historia medieval
Fuente del encabezamiento o término embne
9 (RLIN) 13411
830 0# - PUNTO DE ACCESO ADICIONAL DE SERIE-TÍTULO UNIFORME
Título uniforme Etudes sur l'histoire de l'humanite
9 (RLIN) 188106
830 0# - PUNTO DE ACCESO ADICIONAL DE SERIE-TÍTULO UNIFORME
Título uniforme Histoire du droit des gens et des relations internationales ;
Designación de volumen o secuencia 5
9 (RLIN) 188107
852 ## - LOCALIZACIÓN
Ubicación ES-MaACL
Número de control de estantería D-4570
Nota libre -- Enc. hol.
Holdings
Estatus retirado Estado de pérdida Estado de daño No para préstamo Colección Biblioteca de origen Biblioteca actual Ubicación en estantería Fecha de adquisición Fuente de adquisición Total de préstamos Signatura topográfica completa Código de barras Visto por última vez Precio de reemplazo Tipo de ítem Koha
        Libros del s. XIX Biblioteca del Ateneo de Madrid Biblioteca del Ateneo de Madrid Sala Valle Inclán 17/01/2008     D-4570 901164559 23/02/2023 23/02/2023 Libro impreso antiguo